High Schools in the Wichita Area - Statistics

General Stats
  • This quiz has been taken 31 times
  • The average score is 16 of 27
Answer Stats
Schools % Correct
Wichita North
100%
Wichita East
96%
Wichita South
96%
Wichita West
96%
Wichita Northwest
92%
Wichita Southeast
92%
Wichita Heights
88%
Maize
84%
Andover
76%
Derby
76%
Maize South
76%
Bishop Carroll
72%
Goddard
64%
Andover Central
60%
Campus
48%
Kapaun Mt. Carmel
44%
Valley Center
44%
Wichita Collegiate
44%
Mulvane
40%
Circle
36%
Eisenhower
36%
Andale
32%
Haysville
32%
Rose Hill
32%
Trinity
32%
Sunrise
24%
Clearwater
16%
No matching quizzes found
Score Distribution
Percent of People with Each Score
Percentile by Number Answered
Your Score History
You have not taken this quiz